[Event "Voronezh op-A 22nd"]
[Site "Voronezh"]
[Date "2018.06.15"]
[Round "4"]
[White "Sukhareva, Evgenia"]
[Black "Selifonova, Aleksandra"]
[Result "1-0"]
[WhiteElo "2234"]
[BlackElo "1920"]
[PlyCount "85"]
[EventDate "2018.06.12"]
[EventType "swiss"]
[EventRounds "9"]
[EventCountry "RUS"]
[SourceTitle "CBM 185 Extra"]
[Source "ChessBase"]
[SourceDate "2018.07.29"]
[SourceVersion "1"]
[SourceVersionDate "2018.07.29"]
[SourceQuality "1"]

1. d4 d5 2. Nf3 Nf6 3. c4 dxc4 4. Nc3 a6 5. a4 Bf5 6. Bg5 Nd5 7. e3 Nxc3 8. bxc3 Qd5 9. Bf4 c6 10. a5 Nd7 11. Nd2 Bd3 12. Bxd3 cxd3 13. e4 Qe6 14. 0-0 Qf6 15. Bg3 e5 16. Qb1 Rb8 17. Nc4 Bd6 18. f4 Bc7 19. fxe5 Qg6 20. e6 Qxe6 21. Bxc7 Qxc4 22. Bxb8 Nxb8 23. Qxb7 0-0 24. Rab1 d2 25. Qb3 Qxb3 26. Rxb3 c5 27. Rb6 cxd4 28. cxd4 Nd7 29. Rb2 Nf6 30. Rxd2 Nxe4 31. Rc2 f6 32. Rc6 Rd8 33. Rd1 Rd5 34. Rxa6 Kf7 35. Ra7+ Ke6 36. a6 Ra5 37. Ra8 Kd7 38. Rc1 Nd6 39. h3 Nb5 40. Rc5 Ra1+ 41. Kh2 Ra5 42. Rb8 Rxa6 43. Rcxb5 1-0

[Event "Nezhmetdinov Memorial 39th"]
[Site "Kazan"]
[Date "2017.06.06"]
[Round "7"]
[White "Selifonova, Aleksandra"]
[Black "Pavlov, Mark"]
[Result "0-1"]
[WhiteElo "1989"]
[BlackElo "1787"]
[PlyCount "120"]
[EventDate "2017.05.31"]
[EventType "swiss"]
[EventRounds "9"]
[EventCountry "RUS"]
[SourceTitle "EXT 2018"]
[Source "ChessBase"]
[SourceDate "2017.10.13"]
[SourceVersion "1"]
[SourceVersionDate "2017.10.13"]
[SourceQuality "1"]

1. e4 e6 2. d4 d5 3. Nc3 Nf6 4. e5 Nfd7 5. f4 c5 6. Be3 Nc6 7. Nf3 Qb6 8. Qd2 Qxb2 9. Rb1 Qa3 10. Nb5 Qxa2 11. Rd1 Rb8 12. f5 Qa5 13. Qxa5 Nxa5 14. fxe6 fxe6 15. Nc7+ Ke7 16. Bg5+ Kf7 17. Bd2 Nc6 18. Ng5+ Kg8 19. Ngxe6 cxd4 20. Nxf8 Nxf8 21. c4 Nxe5 22. cxd5 Nfg6 23. Nb5 Bg4 24. Ra1 a6 25. Nxd4 Rd8 26. Ra5 h6 27. h3 Bc8 28. Rc5 Kh7 29. Ba5 Rd6 30. Bc7 Rf6 31. Be2 Re8 32. Kd1 b6 33. Rc3 Bb7 34. d6 Bxg2 35. Re1 Bb7 36. Bd3 Rff8 37. Bf5 Bc8 38. Be4 Bd7 39. Bxb6 Rc8 40. Bc7 Rce8 41. Rce3 Rf4 42. Nc2 Ref8 43. Nb4 Ba4+ 44. Kc1 Rf1 45. Nd5 Rxe1+ 46. Rxe1 Bd7 47. h4 Kh8 48. Nb6 Nxh4 49. Nxd7 Nxd7 50. Bc6 Nc5 51. Re3 Ng6 52. Rc3 Ne6 53. Bb6 Ne5 54. Bd5 Nf4 55. Bc4 Nxc4 56. Rxc4 Nd5 57. Bd4 Rd8 58. Be5 Nf6 59. Ra4 Kg8 60. Rxa6 Kf7 0-1

[Event "RUS-ch Higher League (Women) 66th"]
[Site "Kolomna"]
[Date "2016.06.27"]
[Round "5"]
[White "Nasybullina, Alfia"]
[Black "Selifonova, Aleksandra"]
[Result "1-0"]
[WhiteElo "2143"]
[BlackElo "1980"]
[PlyCount "133"]
[EventDate "2016.06.22"]
[EventType "swiss"]
[EventRounds "9"]
[EventCountry "RUS"]
[SourceTitle "CBM 173 Extra"]
[Source "ChessBase"]
[SourceDate "2016.08.29"]
[SourceVersion "1"]
[SourceVersionDate "2016.08.29"]
[SourceQuality "1"]

1. d4 Nf6 2. Nf3 e6 3. e3 b6 4. Bd3 Bb7 5. 0-0 d5 6. b3 Bd6 7. Bb2 Nbd7 8. Nbd2 0-0 9. Ne5 Bxe5 10. dxe5 Ne4 11. f3 Nec5 12. Be2 a5 13. c4 dxc4 14. Nxc4 Qg5 15. Rf2 Rfd8 16. Qc2 b5 17. f4 Qe7 18. Nd2 b4 19. Bf1 Nb6 20. Bd4 Ncd7 21. Qxc7 Rab8 22. Qd6 Qxd6 23. exd6 f6 24. Nc4 Bd5 25. Bd3 Bxc4 26. bxc4 Rbc8 27. c5 Nxc5 28. Bf1 Rxd6 29. Rc2 Ne4 30. Rxc8+ Nxc8 31. Rc1 Rd8 32. Rc6 Kf7 33. Bc4 Ned6 34. Bb3 Re8 35. Bc5 Ne4 36. f5 Nxc5 37. Rxc5 Nd6 38. fxe6+ Kg6 39. Rxa5 f5 40. Ra6 Ne4 41. Rb6 Nc5 42. Bc4 Kg5 43. g3 Re7 44. Kg2 h6 45. h4+ Kf6 46. Rxb4 g5 47. hxg5+ hxg5 48. Rb6 Ke5 49. Rc6 Nb7 50. Bb3 f4 51. exf4+ gxf4 52. g4 Nd6 53. Rc1 Ne8 54. Kf3 Nf6 55. Rc5+ Kd6 56. Rf5 Ne8 57. Rf7 Nc7 58. Rxe7 Kxe7 59. Kxf4 Kf6 60. g5+ Kg6 61. Bc2+ Kg7 62. Ke5 Kf8 63. Kd6 Ne8+ 64. Kd7 Ng7 65. a4 Ne8 66. e7+ Kf7 67. g6+ 1-0

[Event "Konakovo Chervonny op"]
[Site "Konakovo"]
[Date "2014.09.20"]
[Round "8"]
[White "Shapkin, Anatoliy"]
[Black "Selifonova, Aleksandra"]
[Result "1-0"]
[WhiteElo "2142"]
[BlackElo "1924"]
[PlyCount "31"]
[EventDate "2014.09.17"]
[EventType "swiss"]
[EventRounds "9"]
[EventCountry "RUS"]
[SourceTitle "CBM 162 Extra"]
[Source "ChessBase"]
[SourceDate "2014.10.17"]
[SourceVersion "1"]
[SourceVersionDate "2014.10.17"]
[SourceQuality "1"]

1. d4 d5 2. c4 e6 3. Nf3 Nf6 4. g3 dxc4 5. Bg2 Nc6 6. Qa4 Bb4+ 7. Bd2 Nd5 8. Bxb4 Ndxb4 9. Nc3 Bd7 10. 0-0 a6 11. a3 b5 12. Qd1 Nd5 13. e4 Nde7 14. d5 exd5 15. exd5 Na5 16. Ne5 1-0

[Event "Moscow Region Spring Junior"]
[Site "Serpukhov"]
[Date "2011.05.05"]
[Round "7"]
[White "Anokhin, Andrey"]
[Black "Selifonova, Aleksandra"]
[Result "1/2-1/2"]
[WhiteElo "1771"]
[BlackElo "1841"]
[PlyCount "69"]
[EventDate "2011.04.30"]
[EventType "tourn"]
[EventRounds "7"]
[EventCountry "RUS"]
[SourceTitle "EXT 2022"]
[Source "ChessBase"]
[SourceDate "2021.10.06"]
[SourceVersion "1"]
[SourceVersionDate "2021.10.06"]
[SourceQuality "1"]

1. Nf3 d5 2. c4 d4 3. e3 c5 4. d3 Nc6 5. Be2 e5 6. 0-0 Be7 7. e4 f5 8. Nfd2 Nf6 9. exf5 Bxf5 10. f3 0-0 11. Ne4 Rb8 12. Nbd2 Nh5 13. Nb3 b6 14. a3 Qe8 15. g4 Bxe4 16. fxe4 Nf4 17. Bxf4 exf4 18. Nd2 Qg6 19. h3 Qh6 20. Kg2 Ne5 21. Nf3 Ng6 22. a4 a5 23. b3 Bh4 24. Rh1 Bg3 25. Qf1 Nh4+ 26. Nxh4 Qxh4 27. Bf3 Qg5 28. Qe2 Rbe8 29. Rag1 Rf6 30. Kf1 Re5 31. Qg2 Rh6 32. Ke2 Qh4 33. Kf1 Qg5 34. Ke2 Rh4 35. Kf1 1/2-1/2

[Event "Moscow Region Spring Junior"]
[Site "Serpukhov"]
[Date "2011.05.03"]
[Round "5"]
[White "Selifonova, Aleksandra"]
[Black "Torlopov, Nikita"]
[Result "0-1"]
[WhiteElo "1841"]
[BlackElo "2129"]
[PlyCount "94"]
[EventDate "2011.04.30"]
[EventType "tourn"]
[EventRounds "7"]
[EventCountry "RUS"]
[SourceTitle "EXT 2022"]
[Source "ChessBase"]
[SourceDate "2021.10.06"]
[SourceVersion "1"]
[SourceVersionDate "2021.10.06"]
[SourceQuality "1"]

1. e4 e6 2. d4 d5 3. Nc3 Bb4 4. e5 c5 5. a3 Bxc3+ 6. bxc3 Ne7 7. Qg4 cxd4 8. cxd4 Qc7 9. Kd1 Nbc6 10. Bd3 Bd7 11. Ne2 0-0-0 12. Bd2 Rdg8 13. Nc3 f5 14. Qg5 h6 15. Qe3 Na5 16. Rb1 Nc4 17. Bxc4 Qxc4 18. Rb3 Kb8 19. h4 Rc8 20. Qd3 Qxd3 21. cxd3 Nc6 22. Nb5 a6 23. Nd6 Rc7 24. Bc3 Nxd4 25. Rb4 Nc6 26. Rf4 Ka8 27. Kd2 Rg8 28. h5 Be8 29. g4 fxg4 30. Rxg4 Rf8 31. f4 b5 32. Rgh4 Ka7 33. Rc1 Kb6 34. Kd1 d4 35. Bb2 a5 36. f5 exf5 37. Bxd4+ Nxd4 38. Rxc7 Bxh5+ 39. Rxh5 Kxc7 40. Kd2 Nf3+ 41. Ke3 Nxe5 42. Nxb5+ Kd7 43. Kd4 Ng4 44. Rh1 f4 45. Rf1 h5 46. Ke4 g5 47. Nd4 Re8+ 0-1

[Event "Moscow Region Spring Junior"]
[Site "Serpukhov"]
[Date "2011.05.02"]
[Round "4"]
[White "Krylov, Ivan"]
[Black "Selifonova, Aleksandra"]
[Result "1-0"]
[WhiteElo "2110"]
[BlackElo "1841"]
[PlyCount "108"]
[EventDate "2011.04.30"]
[EventType "tourn"]
[EventRounds "7"]
[EventCountry "RUS"]
[SourceTitle "EXT 2022"]
[Source "ChessBase"]
[SourceDate "2021.10.06"]
[SourceVersion "1"]
[SourceVersionDate "2021.10.06"]
[SourceQuality "1"]

1. Nf3 Nf6 2. c4 e6 3. d4 d5 4. g3 dxc4 5. Bg2 Nc6 6. Qa4 Bb4+ 7. Bd2 Nd5 8. a3 Nb6 9. Qc2 Ba5 10. 0-0 Bxd2 11. Qxd2 0-0 12. Qc3 Re8 13. Nbd2 Qe7 14. Nxc4 Nd5 15. Qc2 Rb8 16. Rac1 b5 17. Nce5 Nxe5 18. Nxe5 Bb7 19. Bxd5 Bxd5 20. Qxc7 Rb7 21. Qxe7 Rbxe7 22. Rc3 f6 23. Nd3 a5 24. Nf4 Bb7 25. Rd1 e5 26. dxe5 Rxe5 27. Rc7 R8e7 28. Rdd7 Rxd7 29. Rxd7 Bc6 30. Rc7 Be8 31. Kf1 Kf8 32. Nd3 Rh5 33. Nc5 Bf7 34. h4 Rd5 35. Nd3 Bg6 36. Rc5 Rxc5 37. Nxc5 Ke7 38. Nb3 a4 39. Nd4 Be8 40. Ke1 g6 41. Kd2 Kd6 42. Kd3 Bd7 43. e4 f5 44. f4 fxe4+ 45. Kxe4 h6 46. f5 gxf5+ 47. Nxf5+ Bxf5+ 48. Kxf5 Kd5 49. g4 Kc4 50. g5 Kb3 51. gxh6 Kxb2 52. h7 Kxa3 53. h8Q Ka2 54. Qc3 a3 1-0

[Event "Moscow op-D (Women)"]
[Site "Moscow"]
[Date "2011.02.06"]
[Round "9"]
[White "Selifonova, Aleksandra"]
[Black "Grabovets, Nadezhda"]
[Result "0-1"]
[WhiteElo "1843"]
[BlackElo "1879"]
[PlyCount "96"]
[EventDate "2011.01.29"]
[EventType "swiss"]
[EventRounds "9"]
[EventCountry "RUS"]
[SourceTitle "EXT 2012"]
[Source "ChessBase"]
[SourceDate "2011.11.24"]
[SourceVersion "1"]
[SourceVersionDate "2011.11.24"]
[SourceQuality "1"]

1. e4 e5 2. Nf3 d6 3. d4 exd4 4. Nxd4 Nf6 5. Nc3 Be7 6. Bc4 0-0 7. 0-0 c6 8. Re1 b5 9. Bd3 b4 10. Nce2 c5 11. Nf3 Bb7 12. Ng3 Nbd7 13. Nf5 Re8 14. Bf4 Bf8 15. Bxd6 Bxe4 16. Bxf8 Nxf8 17. Ng3 Bxd3 18. Rxe8 Nxe8 19. cxd3 Ne6 20. Qb3 Nd4 21. Nxd4 Qxd4 22. Re1 g6 23. Re4 Qd6 24. h3 Nf6 25. Re3 Rd8 26. Qc4 Qd4 27. Re7 Qxc4 28. dxc4 Rd1+ 29. Kh2 Rd2 30. Re2 Rxe2 31. Nxe2 Ne4 32. f3 Nd6 33. b3 Kg7 34. Nc1 Kf6 35. Nd3 Nb7 36. f4 Kf5 37. Kg3 Ke4 38. Ne5 f5 39. Nf3 Kd3 40. Kf2 Kc3 41. Ke3 Kb2 42. Kd3 Na5 43. Nd2 Nc6 44. Nf3 Kxa2 45. Kc2 a5 46. Nd2 Nd4+ 47. Kd1 Nxb3 48. Nf1 Nd4 0-1

[Event "Moscow op-D (Women)"]
[Site "Moscow"]
[Date "2011.02.02"]
[Round "5"]
[White "Fyodorova, Irina"]
[Black "Selifonova, Aleksandra"]
[Result "1-0"]
[WhiteElo "1951"]
[BlackElo "1843"]
[PlyCount "113"]
[EventDate "2011.01.29"]
[EventType "swiss"]
[EventRounds "9"]
[EventCountry "RUS"]
[SourceTitle "EXT 2012"]
[Source "ChessBase"]
[SourceDate "2011.11.24"]
[SourceVersion "1"]
[SourceVersionDate "2011.11.24"]
[SourceQuality "1"]

1. e4 e5 2. Nf3 Nc6 3. Bb5 g6 4. 0-0 Bg7 5. d3 Nge7 6. Bg5 0-0 7. Nc3 h6 8. Bh4 g5 9. Bg3 Ng6 10. Nd5 Nce7 11. Nxe7+ Qxe7 12. c3 d6 13. Bc4 a5 14. Re1 a4 15. a3 Be6 16. Bxe6 fxe6 17. h3 Nf4 18. d4 Qf7 19. Re3 Nh5 20. Bh2 exd4 21. cxd4 c5 22. dxc5 dxc5 23. Qe2 Nf4 24. Bxf4 Qxf4 25. e5 Rfd8 26. Qb5 Rd5 27. Qxb7 Rad8 28. Rae1 Rd1 29. Qe7 Qc4 30. Qb7 Qc1 31. Qb5 Rxe1+ 32. Rxe1 Rd1 33. Rxd1 Qxd1+ 34. Kh2 Qd5 35. Qe2 Kh8 36. g3 Kg8 37. Qe3 Kh8 38. Qc3 Kg8 39. Qe3 Kh8 40. Kg1 Kg8 41. Kf1 Kh8 42. Ke2 Kh7 43. Qd3+ Kg8 44. Kd2 Kf7 45. Kc2 Kg8 46. Qxd5 exd5 47. b3 axb3+ 48. Kxb3 Bf8 49. a4 c4+ 50. Kc3 Bc5 51. Nd4 Kf7 52. a5 Ke7 53. f4 gxf4 54. gxf4 Kd7 55. f5 Ke7 56. a6 Kf7 57. Nc6 1-0

[Event "Moscow op-D (Women)"]
[Site "Moscow"]
[Date "2011.01.31"]
[Round "3"]
[White "Selifonova, Aleksandra"]
[Black "Forova, Tatiana"]
[Result "1-0"]
[WhiteElo "1843"]
[BlackElo "1912"]
[PlyCount "59"]
[EventDate "2011.01.29"]
[EventType "swiss"]
[EventRounds "9"]
[EventCountry "RUS"]
[SourceTitle "EXT 2012"]
[Source "ChessBase"]
[SourceDate "2011.11.24"]
[SourceVersion "1"]
[SourceVersionDate "2011.11.24"]
[SourceQuality "1"]

1. e4 c5 2. Nf3 Nc6 3. d4 cxd4 4. Nxd4 Nf6 5. Nc3 g6 6. Be3 Bg7 7. f3 Qa5 8. Qd2 0-0 9. g4 d6 10. 0-0-0 Nxd4 11. Bxd4 Be6 12. Kb1 Qc7 13. h4 h5 14. g5 Nd7 15. Bxg7 Kxg7 16. f4 Nb6 17. Be2 f5 18. gxf6+ Rxf6 19. f5 Nc4 20. Qd4 Bg8 21. Rhg1 Kh6 22. Rxg6+ Rxg6 23. fxg6 e5 24. Qg1 Rc8 25. Qg5+ Kg7 26. Rf1 Rf8 27. Rxf8 Kxf8 28. g7+ Qxg7 29. Qd8+ Kf7 30. Bxc4+ 1-0

[Event "Moscow op-D (Women)"]
[Site "Moscow"]
[Date "2011.01.29"]
[Round "1"]
[White "Selifonova, Aleksandra"]
[Black "Smirnova, Anastasia"]
[Result "0-1"]
[WhiteElo "1843"]
[BlackElo "2021"]
[PlyCount "92"]
[EventDate "2011.01.29"]
[EventType "swiss"]
[EventRounds "9"]
[EventCountry "RUS"]
[SourceTitle "EXT 2012"]
[Source "ChessBase"]
[SourceDate "2011.11.24"]
[SourceVersion "1"]
[SourceVersionDate "2011.11.24"]
[SourceQuality "1"]

1. e4 e5 2. Nf3 Nc6 3. Bc4 Be7 4. d4 exd4 5. Nxd4 Nf6 6. Nxc6 dxc6 7. Qxd8+ Bxd8 8. Nc3 b5 9. Bd3 b4 10. Ne2 0-0 11. Bd2 c5 12. c3 Be7 13. e5 Nd7 14. Be4 Rb8 15. f4 Nb6 16. b3 f6 17. 0-0 Re8 18. Rac1 Bg4 19. Bf3 Bxf3 20. gxf3 Rbd8 21. Be1 Bf8 22. cxb4 fxe5 23. bxc5 Nd5 24. Bh4 Nf6 25. Rc2 Rd5 26. b4 exf4 27. Nxf4 Rd4 28. Bxf6 gxf6 29. Nh5 Kf7 30. Rb1 Rb8 31. Rcb2 Rc4 32. Kg2 Bh6 33. a3 Rg8+ 34. Ng3 Bf4 35. Kf2 Be5 36. Rd2 h5 37. Rh1 h4 38. Nf5 Ke6 39. Ne3 Rc3 40. Nc2 h3 41. Rg1 Rxc2 42. Rxc2 Bd4+ 43. Ke2 Bxg1 44. Kf1 Bd4 45. Re2+ Kd5 46. Re4 Rg2 0-1

[Event "Moscow op-B"]
[Site "Moscow"]
[Date "2010.02.07"]
[Round "9.140"]
[White "Selifonova, Aleksandra"]
[Black "Seliverstov, Vitaliy"]
[Result "0-1"]
[WhiteElo "1824"]
[BlackElo "2137"]
[PlyCount "78"]
[EventDate "2010.01.30"]
[EventType "swiss"]
[EventRounds "9"]
[EventCountry "RUS"]
[SourceTitle "EXT 2023"]
[Source "ChessBase"]
[SourceDate "2022.10.05"]
[SourceVersion "1"]
[SourceVersionDate "2022.10.05"]
[SourceQuality "1"]

1. e4 e6 2. d4 b6 3. Nf3 Bb7 4. Bd3 Nf6 5. e5 Ne4 6. Qe2 d5 7. Nbd2 Nxd2 8. Bxd2 c5 9. c3 Qc8 10. 0-0 Ba6 11. c4 Be7 12. Rac1 Qb7 13. a3 Nd7 14. b4 Bxc4 15. Bxc4 dxc4 16. Qxc4 b5 17. Qe2 c4 18. a4 a6 19. a5 h6 20. Bc3 Qd5 21. Rfe1 Nb8 22. Rb1 Nc6 23. Red1 Rd8 24. Qb2 Qe4 25. Re1 Qf4 26. Nd2 0-0 27. Ne4 Rd5 28. Rbd1 Rfd8 29. g3 Qf5 30. f4 Kf8 31. Nf2 h5 32. Re4 Ke8 33. Rde1 Kd7 34. Nd1 Kc8 35. Nf2 Kc7 36. Nd1 h4 37. R1e2 hxg3 38. hxg3 Rh8 39. Rg2 Qxe4 0-1

[Event "Kostroma Volga Cup op"]
[Site "Kostroma"]
[Date "2008.07.??"]
[Round "1"]
[White "Selifonova, Aleksandra"]
[Black "Myshkin, Nikita"]
[Result "0-1"]
[WhiteElo "2038"]
[BlackElo "2050"]
[PlyCount "62"]
[EventDate "2008.07.??"]
[EventType "swiss"]
[EventRounds "9"]
[EventCountry "RUS"]
[SourceTitle "EXT 2009"]
[Source "ChessBase"]
[SourceDate "2008.11.26"]
[SourceVersion "1"]
[SourceVersionDate "2008.11.26"]
[SourceQuality "1"]

1. e4 d6 2. d4 Nf6 3. Nc3 g6 4. Be3 Bg7 5. Qd2 0-0 6. Bh6 e5 7. Bxg7 Kxg7 8. Nf3 exd4 9. Nxd4 Re8 10. f3 d5 11. 0-0-0 c6 12. Nb3 Be6 13. g4 Qe7 14. g5 Nh5 15. exd5 Bxd5 16. Nxd5 cxd5 17. Qxd5 Nc6 18. Qc5 Qe3+ 19. Qxe3 Rxe3 20. Rd3 Re1+ 21. Rd1 Re5 22. h4 a5 23. c3 a4 24. Nd4 Nxd4 25. Rxd4 a3 26. Rb4 axb2+ 27. Kxb2 Ng3 28. Rg1 Nxf1 29. Rxf1 Re2+ 30. Kb3 Raxa2 31. Kc4 Re7 0-1

[Event "Kostroma Volga Cup op"]
[Site "Kostroma"]
[Date "2008.07.??"]
[Round "2"]
[White "Yanovskaya, Olesia"]
[Black "Selifonova, Aleksandra"]
[Result "1-0"]
[WhiteElo "1935"]
[BlackElo "2038"]
[PlyCount "111"]
[EventDate "2008.07.??"]
[EventType "swiss"]
[EventRounds "9"]
[EventCountry "RUS"]
[SourceTitle "EXT 2009"]
[Source "ChessBase"]
[SourceDate "2008.11.26"]
[SourceVersion "1"]
[SourceVersionDate "2008.11.26"]
[SourceQuality "1"]

1. e4 e5 2. Nf3 Nc6 3. d4 exd4 4. Nxd4 g6 5. Nxc6 bxc6 6. Qd4 Qf6 7. e5 Qe7 8. Bd3 Bg7 9. 0-0 Bxe5 10. Qe3 Bf6 11. Qf3 d5 12. Nc3 Bg7 13. Bf4 Nf6 14. h3 0-0 15. g4 Be6 16. Qg3 Ne8 17. Rae1 Nd6 18. h4 Qd7 19. f3 c5 20. h5 c4 21. hxg6 cxd3 22. gxh7+ Kh8 23. cxd3 Rab8 24. Rf2 Rbe8 25. Be5 Bxe5 26. Rxe5 f6 27. Rh5 Nf7 28. Ne2 Ne5 29. Nf4 Qg7 30. Rfh2 Bf7 31. R5h3 d4 32. Qf2 c5 33. b3 Qg5 34. Qg3 Ng6 35. Nxg6+ Bxg6 36. f4 Qd5 37. f5 Bf7 38. Rh6 Qe5 39. Qxe5 fxe5 40. g5 Bd5 41. f6 e4 42. f7 Rxf7 43. g6 Rg7 44. dxe4 Rxe4 45. Rf2 Re8 46. Rf5 Rd8 47. Kf2 c4 48. bxc4 Bxc4 49. Rf6 d3 50. Rh1 d2 51. Rd1 Bxa2 52. Ke3 Re7+ 53. Kf4 Kg7 54. Rf5 Kxg6 55. Rg5+ Kxh7 56. Rh1# 1-0